00779nam a2200253Ia 4500001000900000003000500009005001700014008004100031010001100072020002200083040000900105082002600114100001400140245008200154260004500236300001600281500004800297650002400345650002700369650003900396650003200435700003300467700002500500dia_2790CHAP20230704091105.0220117s2013 xx 000 0 und d a176969 a978-607-32-2128-3 cCHAP a620.00420285 D59 2013 aDix, Mark aAutoCAD 2013 /c Mark Dix y Paul Riley ; traducción Salvador Nuñez Ramos aMéxico :b Pearson Educación,c2013 axiv, 682 p. aTítulo original: Discovering AutoCAD 2013 aComputer graphics  aComputerxaided design aDiseño asistido por computador  aGráficos por computador  aNuñez Ramos, Salvador, tr. aRiley, Paul, coaut.